Wird geladen...

Saphalamee yathra /

Bibliographische Detailangaben
1. Verfasser: Kakkadu, N. N.
Format: Printed Book
Sprache:Malayalam
Veröffentlicht: 1985.
Schlagworte:
LEADER 00475nam a2200157Ia 4500
008 150624b xxu||||| |||| 00| p mal d
999 |c 81612  |d 81612 
082 |a 851.553 
100 |a Kakkadu, N. N. 
245 |c N. N. Kakkadu  |a Saphalamee yathra / 
260 |c 1985. 
300 |a 199 p.  |c 21cm. 
546 |a In Malayalam. 
650 |v Malayalam poetry 
942 |c BK 
952 |0 1  |1 0  |4 0  |6 851_553000000000000_SAP_M  |7 0  |9 81556  |a UL  |b UL  |c ST1  |d 1998-09-15  |l 0  |o 851.553 SAP M  |p 61208  |r 2012-10-27  |y BK